000 00382nam a2200145 4500
999 _c510041
_d510041
008 190717b ||||| |||| 00| 0 eng d
100 _aSharma, L.K.
_97162
245 _aSowing division: caste is crucial in Indian elections
260 _c2019
300 _ap.14-16.
650 _aCaste - India
_97163
773 _aMainstream
906 _aElections - India
942 _2ddc
_cAR